000 00798nam a2200193 i 4500
001 92638
003 ES-MaACL
005 20230906181024.0
007 t|
008 050411s1978 sp ||||1| spa d
080 _a017.2(460.27) Soc. Ec. Matr. Am. País
100 1 _aMur Rengifo, María del Pilar.
_984529
245 1 3 _aLa biblioteca de la Real Sociedad Económica Matritense de Amigos del País en 1975 /
_cMaría del Pilar Mur Rengifo.
260 _aMadrid :
_bReal Sociedad Económica Matritense de Amigos del País,
_c[1978]
300 _aXXVIII, 753 p. ;
_c19 cm.
610 2 _aReal Sociedad Económica Matritense de Amigos del País.
_bBiblioteca-
_vCatálogos.
_96391
710 2 _aReal Sociedad Económica Matritense de Amigos del País.
_96389
852 _aES-MaACL
_jE-10937
_bR.123659
999 _c92638
_d92638